| 000 | 00976am a2200361a 44500 | ||
|---|---|---|---|
| 003 | AR-BaBNM | ||
| 005 | 20251128211136.0 | ||
| 008 | 162120s1985 #AR|||||||||||000 | esp|| | ||
| 020 | _a84-7291-863-7 | ||
| 040 | _cAR-BaBNM | ||
| 245 | 1 | 0 | _aEstudios sobre la República y la guerra civil española |
| 260 |
_aMadrid _bSarpe _c1985 |
||
| 300 | _a377 p. | ||
| 490 | 0 |
_aBiblioteca de la historia _vv. 23 |
|
| 650 | 4 | _aHISTORIA POLITICA | |
| 650 | 4 | _aHISTORIA DE LAS IDEAS | |
| 650 | 4 | _aGUERRA CIVIL | |
| 650 | 4 | _aPARTIDOS POLITICOS | |
| 650 | 4 | _aHISTORIA SOCIAL | |
| 650 | 4 | _aNACIONALISMO | |
| 653 | _aHISTORIA ESPAÑOLA | ||
| 700 | 1 | _aCarr, Raymond | |
| 700 | 1 | _aRobinson, Richard | |
| 700 | 1 | _aPayne, Stanley | |
| 700 | 1 | _aBolloten, Burnett | |
| 700 | 1 | _aSalas Larrazábal, Ramón | |
| 700 | 1 | _aThomas, Hugh | |
| 700 | 1 | _aWhealey, Robert H. | |
| 700 | 1 | _aCierva, Ricardo de la | |
| 700 | 1 | _aMalefakis, Edward | |
| 942 | _cBK | ||
| 998 | _cmariana | ||
| 999 |
_c18428 _d18428 |
||